Normal view
MARC view
Entry Personal Name
001 - CONTROL NUMBER
- control field: 3288
003 - CONTROL NUMBER IDENTIFIER
- control field: TR-AnCHP
005 - DATE AND TIME OF LATEST TRANSACTION
- control field: 20190110165536.0
008 - FIXED-LENGTH DATA ELEMENTS
- fixed length control field: 1901101016n|cannaabn |n|d ||
040 ## - CATALOGING SOURCE
- Original cataloging agency: TR-AnCHP
100 10 - HEADING--PERSONAL NAME
- Personal name: Yeğin, Şemsa
670 ## - SOURCE DATA FOUND
- Source citation: Yeğin, Şemsa.
- Information found: RosenberglerRobert ve Michael Meeropol;çevien Şemsa Yeğin
